| 000 | 00861cam a2200241 a 4500 | ||
|---|---|---|---|
| 001 | sa 66000485 | ||
| 003 | DLC | ||
| 005 | 20260227112215.0 | ||
| 008 | 830202r19651890ii b 001 0 eng | ||
| 010 | _asa 66000485 | ||
| 040 |
_aDLC _cDLC |
||
| 041 | 1 |
_aeng _hpli |
|
| 050 | 0 | 0 |
_aBQ2612.E5 _bD38 1965 |
| 130 | 0 |
_aMilindapañhā. _lEnglish. |
|
| 245 | 1 | 4 |
_aThe Questions of King Milinda / _ctranslated from Pāli by T.W. Rhys Davids. |
| 260 |
_aDelhi : _bMotilal Banarsidass, _c1965. |
||
| 300 |
_a2 v. ; _c23 cm. |
||
| 440 | 0 |
_aSacred books of the East series ; _vv. 35-36 |
|
| 440 | 0 |
_aUNESCO collection of representative works. _pIndian series. |
|
| 500 | _aReprint. Originally published: Oxford : Clarendon Press, 1890. | ||
| 504 | _aIncludes bibliographical references and indexes. | ||
| 700 | 1 |
_aDavids, T. W. Rhys _q(Thomas William Rhys), _d1843-1922. |
|
| 999 |
_c67277 _d67277 |
||